FLOWS and practices the politics of integrated water resources management in Eastern and Southern Africa

Saved in:
Bibliographic Details
Main Author: edited by MEHTA, Lyla, Derman Bill and Manzungu Emmanuel
Format: Book
Language:English
Published: Weaver Press 2017
Tags: Add Tag
No Tags, Be the first to tag this record!

MARC

LEADER 00000nam a22000007a 4500
008 210406b ||||| |||| 00| 0 eng d
020 |a 978-1-79922-314-2 
100 |a edited by MEHTA, Lyla, Derman Bill and Manzungu Emmanuel 
245 |a FLOWS and practices  |b the politics of integrated water resources management in Eastern and Southern Africa  |c edited by Lyla Mehta, Bill Derman and Emmanuel Manzungu.  |g ix, 366p. 
260 |b Weaver Press  |c 2017  |h - Harare, Zimbabwe  |i 690272   |l TD315 .E19F65  |m Integrated water development – Africa, Eastern.  |m Integrated water development – Africa, Southern. 
500 |a “It includes references” 
942 |a lcc  |c BK  |e YUNUSA, A.A.  |f 06/04/21 
952 |0 0  |1 0  |2 lcc  |4 0  |6 TD0315 E19 F65  |7 0  |9 2037  |a HOL  |b HOL  |c AF  |d 2021-04-06  |l 0  |o TD315 .E19F65  |r 2021-04-06 00:00:00  |w 2021-04-06  |y BK 
999 |c 1057  |d 1057